| 000 | 00626nam a2200193Ia 4500 | ||
|---|---|---|---|
| 003 | GCL | ||
| 005 | 20240530103526.0 | ||
| 008 | 140319s9999 xx 000 0 ara d | ||
| 040 |
_aGCL / _cGCL |
||
| 082 | 0 | 4 |
_a811.9 _bم ق |
| 100 | 0 | _aمحمد يوسف | |
| 245 | 1 | 0 |
_aقراءة صامتة من كراسة الدم (هدية من الأديب عبد الفتاح الجمل) / _cمحمد يوسف |
| 300 | _a91 ص | ||
| 490 |
_aادب الجماهير _v0 |
||
| 650 | 0 | 4 | _aالادب العربى |
| 650 | 0 | 4 | _aالعصر الحديث |
| 650 | 0 | 4 | _aالشعر العربى - دواوين وقصائد |
| 942 |
_2ddc _cBK |
||
| 999 |
_c40286 _d40286 |
||